|
|
|
|
| LEADER |
00000nam1a2200000 4500 |
| 001 |
670860 |
| 005 |
20250516101219.0 |
| 090 |
|
|
|a 670860
|
| 100 |
|
|
|a 20240222d2023 k||y0rusy50 ca
|
| 101 |
0 |
|
|a rus
|
| 102 |
|
|
|a RU
|
| 105 |
|
|
|a y z 101zy
|
| 135 |
|
|
|a drcn ---uucaa
|
| 181 |
|
0 |
|a i
|b e
|
| 182 |
|
0 |
|a b
|
| 183 |
|
|
|a cr
|2 RDAcarrier
|
| 200 |
1 |
|
|a Бутаковские чтения
|e сборник статей III Всероссийской с международным участием молодёжной конференции, 12-14 декабря 2023 г., Томск
|f Национальный исследовательский Томский политехнический университет ; под ред. А. С. Ивашутенко
|
| 203 |
|
|
|a Текст
|c электронный
|
| 210 |
|
|
|a Томск
|c Изд-во ТПУ
|d 2023
|
| 215 |
|
|
|a 1 файл (49,5 Мб, 606 с.)
|c pdf
|
| 283 |
|
|
|a online_resource
|
| 300 |
|
|
|a Заглавие с титульного экрана
|
| 320 |
|
|
|a Библиография в конце статей
|
| 330 |
|
|
|a Сборник посвящён теоретическим и практическим проблемам цифровой энергетики и интеллектуальным энергетическим системам, теплофизическим спектрам энергетических технологий, производству тепловой и электрической энергии, экологическим проблемам энергетики, энергетическим системам и комплексам, энергосбережению и энергоэффективности, а также новациям инженерного образования. Представлен широкий круг исследований аспирантов, студентов и молодых учёных Томска и ряда других городов России.
|
| 606 |
1 |
|
|a Электроэнергетика
|2 stltpush
|3 (RuTPU)RU\TPU\subj\21036
|9 46086
|
| 610 |
1 |
|
|a конференции
|
| 610 |
1 |
|
|a труды учёных ТПУ
|
| 610 |
1 |
|
|a электронный ресурс
|
| 610 |
1 |
|
|a цифровая энергетика
|
| 610 |
1 |
|
|a интеллектуальные энергетические системы
|
| 610 |
1 |
|
|a теплофизические аспекты
|
| 610 |
1 |
|
|a энергетические технологии
|
| 610 |
1 |
|
|a тепловая энергия
|
| 610 |
1 |
|
|a электрическая энергия
|
| 610 |
1 |
|
|a производство
|
| 610 |
1 |
|
|a экологические проблемы
|
| 610 |
1 |
|
|a энергетика
|
| 610 |
1 |
|
|a энергетические системы
|
| 610 |
1 |
|
|a энергетические комплексы
|
| 610 |
1 |
|
|a энергосбережение
|
| 610 |
1 |
|
|a энергоэффективность
|
| 610 |
1 |
|
|a новации
|
| 610 |
1 |
|
|a инженерное образование
|
| 675 |
|
|
|a 621.31(063)
|v 3
|
| 702 |
|
1 |
|a Ивашутенко
|b А. С.
|c специалист в области электротехники
|c доцент Томского политехнического университета, кандидат технических наук
|f 1981-
|g Александр Сергеевич
|3 (RuTPU)RU\TPU\pers\25896
|4 340
|
| 712 |
1 |
2 |
|a Бутаковские чтения
|b конференция
|d 3
|e Томск
|f 2023
|
| 712 |
0 |
2 |
|a Национальный исследовательский Томский политехнический университет
|c (2009- )
|3 (RuTPU)RU\TPU\col\15902
|9 26305
|
| 801 |
|
2 |
|a RU
|b 63413507
|c 20240222
|g RCR
|
| 850 |
|
|
|a 63413507
|
| 856 |
4 |
|
|u http://earchive.tpu.ru/handle/11683/77559
|z http://earchive.tpu.ru/handle/11683/77559
|
| 942 |
|
|
|c CF
|